BIBLIOTHÈQUE DE LA MAISON DU MEXIQUE

Logo 1 Logo 2

Témoignages de l'ancienne parole (notice nᵒ 6364)

détails MARC
000 -Sello discográfico
campo de control de longitud fija 01113nam a2200325 4500
005 - Identificación de versión
campo de control 20251017062722.0
010 ## - Número Estándar Internacional de Libros (ISBN)
Número (ISBN) 2-7291-0757-6
099 ## - fechas locales
Tipo de ítem Koha LIBRO
100 ## - Datos de procesamiento general
Datos de procesamiento general 20230222d1991 m y1spay5003 ba
101 ## - Idioma del recurso
Idioma del texto, banda sonora, etc. Francés
Idioma de la obra original Lenguas náhuatl
105 ## - Campo de datos codificados: Material textual, monográfico
Datos codificados de monografía y 001zy
200 1# - Título y mención de responsabilidad
Título propio Témoignages de l'ancienne parole
Designación general del material texto impreso
Primer mención de responsabilidad Introduction Miguel León-Portilla
Declaración de responsabilidad subsiguiente traduction Jaqueline de Durand-Forest
210 ## - Publicación, distribución, etc.
Lugar de publicación, distribución, etc. Paris
Nombre del editor, distribuidor, etc. Editions de la Différence
Fecha de publicación, distribución, etc. 1991
215 ## - Descripción física
Designación de material específico y extensión del ítem 178 p
Dimensiones 20 cm
345 ## - Nota de información de adquisición
Fuente de adquisición/dirección de la suscripción [OBSOLETO] Donación Alain Musset
410 #1 - Series
Título Les Voies du Sud
Nombre de parte o sección Classique
Número de volumen 9
517 1# - Otras variantes del título
Variante del título Huehuehtlahtolli
606 ## - Término temático usado como materia
Elemento de entrada Literatura azteca
Subdivisión temática Traducciones al francés
Número Koha 12110
606 ## - Término temático usado como materia
Elemento de entrada Nahuas (Indios)
Subdivisión temática Vida social y costumbres
Número Koha 3308
660 ## - Código de área geográfica
Código MX
702 ## - Nombre personal - Responsabilidad secundaria
Elemento de entrada Durand Forest
Parte del nombre distinta del elemento de entrada Jacqueline de
Fechas 1930-
Número Koha 2550
702 ## - Nombre personal - Responsabilidad secundaria
Elemento de entrada León Portilla
Parte del nombre distinta del elemento de entrada Miguel
Fechas 1926-2019
Número Koha 33
801 #0 - Fuente de origen
País FR
Agencia cm
Reglas de catalogación (convenciones descriptivas) AFNOR
900 ## -
-- 1/21938
900 ## -
-- 7100417642\080104
942 ## - ELEMENTOS DE ENTRADA SECUNDARIOS (KOHA)
Tipo de ítem Koha Livre
996 ## -
-- MEX
-- 751145101
-- MMAG
-- 007533
-- 497.45 L579TE
-- 20230222LIV
Exemplaires
Estatus retirado Estado de daño Estado de pérdida Fecha de adquisición Biblioteca de origen Biblioteca actual Ubicación en estantería Código de barras Precio de reemplazo Signatura topográfica completa No para préstamo Tipo de ítem Koha Nota pública Nota no pública
      05/08/2025 Casa México Paris Casa México Paris   007533 05/08/2025 497.45 L579TE   Livre 20230222LIV 751145101